[Event "8th Vellmar Chess Days"]
[Site "chess24.com"]
[Date "2016.07.30"]
[Round "4"]
[White "Reichenbaecher, Thomas"]
[Black "Pallas, Sebastian"]
[Result "0-1"]
[Board "11"]
[WhiteElo "1975"]
[WhiteCountry "GER"]
[WhiteFideId "4643402"]
[WhiteEloChange "-4"]
[BlackElo "2204"]
[BlackCountry "GER"]
[BlackFideId "12905453"]
[BlackEloChange "4"]

1. e4 {[%clk 1:31:00]} c5 {[%clk 1:30:52]} 2. Nf3 {[%clk 1:31:12]} d6 {[%clk
1:31:12]} 3. Bb5+ {[%clk 1:31:35]} Nd7 {[%clk 1:31:09]} 4. O-O {[%clk 1:31:57]}
a6 {[%clk 1:31:32]} 5. Bd3 {[%clk 1:32:06]} b5 {[%clk 1:27:54]} 6. c3 {[%clk
1:31:39]} Bb7 {[%clk 1:27:55]} 7. Bc2 {[%clk 1:31:05]} Rc8 {[%clk 1:27:52]} 8. d4
{[%clk 1:26:24]} cxd4 {[%clk 1:25:07]} 9. Nxd4 {[%clk 1:29:30]} Ngf6 {[%clk
1:24:56]} 10. Re1 {[%clk 1:28:36]} g6 {[%clk 1:22:59]} 11. Bg5 {[%clk 1:25:47]}
Bg7 {[%clk 1:22:33]} 12. f3 {[%clk 1:16:07]} O-O {[%clk 1:20:54]} 13. Nd2 {[%clk
1:15:07]} Qc7 {[%clk 1:16:48]} 14. Rc1 {[%clk 1:13:04]} Rfe8 {[%clk 1:12:09]} 15.
Be3 {[%clk 1:12:29]} d5 {[%clk 1:09:19]} 16. Bf2 {[%clk 1:11:56]} dxe4 {[%clk
1:07:28]} 17. Nxe4 {[%clk 1:12:10]} Nxe4 {[%clk 1:06:13]} 18. fxe4 {[%clk
1:12:23]} Ne5 {[%clk 1:03:44]} 19. Qe2 {[%clk 1:11:55]} h5 {[%clk 0:59:48]} 20.
Bg3 {[%clk 1:08:07]} Qc5 {[%clk 0:58:08]} 21. Kh1 {[%clk 1:06:33]} Ng4 {[%clk
0:42:07]} 22. h3 {[%clk 1:02:19]} Be5 {[%clk 0:39:12]} 23. Qf3 {[%clk 0:56:15]}
Bxg3 {[%clk 0:37:03]} 24. Qxg3 {[%clk 0:56:23]} Qe5 {[%clk 0:36:31]} 25. Qxe5
{[%clk 0:54:14]} Nxe5 {[%clk 0:36:56]} 26. a3 {[%clk 0:49:32]} Nc4 {[%clk
0:33:28]} 27. Rb1 {[%clk 0:49:39]} e5 {[%clk 0:31:51]} 28. Nf3 {[%clk 0:49:19]}
Rcd8 {[%clk 0:31:52]} 29. Re2 {[%clk 0:49:25]} Kg7 {[%clk 0:30:45]} 30. Bb3
{[%clk 0:44:17]} Nd6 {[%clk 0:30:08]} 31. Bc2 {[%clk 0:41:53]} f6 {[%clk
0:29:57]} 32. Rbe1 {[%clk 0:41:50]} Nc4 {[%clk 0:28:09]} 33. Bb3 {[%clk 0:42:06]}
Na5 {[%clk 0:28:04]} 34. Ba2 {[%clk 0:42:04]} Rd3 {[%clk 0:28:09]} 35. Bb1 {[%clk
0:41:47]} Rd6 {[%clk 0:28:25]} 36. Kg1 {[%clk 0:42:14]} Red8 {[%clk 0:28:16]} 37.
Kf2 {[%clk 0:42:38]} Nb3 {[%clk 0:22:26]} 38. Ke3 {[%clk 0:40:19]} Na5 {[%clk
0:21:11]} 39. Kf2 {[%clk 0:40:21]} Bc8 {[%clk 0:18:22]} 40. Ba2 {[%clk 0:38:39]}
Nb7 {[%clk 0:16:22]} 41. Bd5 {[%clk 0:36:08]} Nc5 {[%clk 0:16:21]} 42. Kg1 {[%clk
0:36:24]} Be6 {[%clk 0:15:06]} 43. Bxe6 {[%clk 0:34:55]} Nxe6 {[%clk 0:15:32]}
44. g3 {[%clk 0:35:17]} Nc5 {[%clk 0:15:46]} 45. Kg2 {[%clk 0:34:43]} Nb3 {[%clk
0:13:44]} 46. Kf2 {[%clk 0:34:01]} Kf7 {[%clk 0:10:15]} 47. g4 {[%clk 0:29:41]}
hxg4 {[%clk 0:09:27]} 48. hxg4 {[%clk 0:30:04]} Rh8 {[%clk 0:01:36]} 49. g5
{[%clk 0:29:30]} Nc5 {[%clk 0:01:09]} 50. Kg1 {[%clk 0:27:47]} Ne6 {[%clk
0:30:41]} 51. gxf6 {[%clk 0:57:46]} Kxf6 {[%clk 0:29:22]} 52. Rf1 {[%clk
0:55:29]} Nf4 {[%clk 0:29:40]} 53. Rh2 {[%clk 0:53:51]} Rxh2 {[%clk 0:29:08]} 54.
Kxh2 {[%clk 0:54:02]} Rd3 {[%clk 0:26:23]} 55. Kg3 {[%clk 0:51:03]} Re3 {[%clk
0:18:43]} 56. Re1 {[%clk 0:46:50]} Rd3 {[%clk 0:17:59]} 57. Rf1 {[%clk 0:45:42]}
Re3 {[%clk 0:11:54]} 58. Re1 {[%clk 0:45:49]} Rd3 {[%clk 0:08:06]} 59. Rf1 {[%clk
0:46:04]} Nh5+ {[%clk 0:07:16]} 60. Kg4 {[%clk 0:42:07]} Kg7 {[%clk 0:04:10]} 61.
Re1 {[%clk 0:36:33]} Nf6+ {[%clk 0:04:14]} 62. Kg3 {[%clk 0:36:28]} Nh5+ {[%clk
0:03:32]} 63. Kf2 {[%clk 0:33:21]} Kf6 {[%clk 0:03:37]} 64. Rf1 {[%clk 0:31:54]}
g5 {[%clk 0:03:29]} 65. Rh1 {[%clk 0:29:11]} Nf4 {[%clk 0:03:01]} 66. Rh6+ {[%clk
0:27:54]} Kg7 {[%clk 0:02:54]} 67. Rxa6 {[%clk 0:27:20]} g4 {[%clk 0:03:19]} 68.
Ng1 {[%clk 0:11:15]} Rd2+ {[%clk 0:03:10]} 69. Kg3 {[%clk 0:10:13]} Rg2+ {[%clk
0:03:34]} 70. Kh4 {[%clk 0:10:39]} Rxg1 {[%clk 0:03:43]} 71. Kg5 {[%clk 0:09:33]}
g3 {[%clk 0:04:00]} 72. Ra7+ {[%clk 0:09:53]} Kg8 {[%clk 0:04:03]} 73. Kf6 {[%clk
0:07:52]} g2 {[%clk 0:04:16]} 74. Ra8+ {[%clk 0:08:08]} Kh7 {[%clk 0:04:41]} 75.
Ra7+ {[%clk 0:08:26]} Kh6 {[%clk 0:05:05]} 76. Ra8 {[%clk 0:08:11]} Ng6 {[%clk
0:05:29]} 0-1

[Event "8th Vellmar Chess Days"]
[Site "chess24.com"]
[Date "2016.07.30"]
[Round "4"]
[White "Ding, Linlin"]
[Black "Held, Carsten, Dr."]
[Result "1/2-1/2"]
[Board "12"]
[WhiteElo "2199"]
[WhiteCountry "CHN"]
[WhiteFideId "8601267"]
[WhiteEloChange "-5"]
[BlackElo "1989"]
[BlackCountry "GER"]
[BlackFideId "1271741"]
[BlackEloChange "5"]

1. e4 {[%clk 1:30:49]} c5 {[%clk 1:30:37]} 2. Nf3 {[%clk 1:31:05]} Nc6 {[%clk
1:30:48]} 3. Nc3 {[%clk 1:29:56]} g6 {[%clk 1:31:08]} 4. g3 {[%clk 1:29:17]} Bg7
{[%clk 1:31:33]} 5. Bg2 {[%clk 1:29:42]} d6 {[%clk 1:31:55]} 6. d3 {[%clk
1:30:03]} Nf6 {[%clk 1:32:15]} 7. O-O {[%clk 1:30:26]} O-O {[%clk 1:30:03]} 8. h3
{[%clk 1:28:29]} Rb8 {[%clk 1:29:02]} 9. Be3 {[%clk 1:28:19]} b5 {[%clk 1:28:36]}
10. Qd2 {[%clk 1:27:51]} b4 {[%clk 1:28:29]} 11. Nd1 {[%clk 1:27:30]} e5 {[%clk
1:24:31]} 12. Ne1 {[%clk 1:22:37]} Nd4 {[%clk 1:19:10]} 13. c3 {[%clk 1:19:45]}
bxc3 {[%clk 1:19:37]} 14. bxc3 {[%clk 1:20:11]} Nc6 {[%clk 1:15:19]} 15. f4
{[%clk 1:19:41]} exf4 {[%clk 1:10:39]} 16. gxf4 {[%clk 1:20:03]} Qc7 {[%clk
1:11:00]} 17. Qf2 {[%clk 1:14:30]} Re8 {[%clk 1:02:16]} 18. Qh4 {[%clk 1:14:02]}
h6 {[%clk 0:50:44]} 19. Nf2 {[%clk 0:58:13]} Nh7 {[%clk 0:43:55]} 20. Rc1 {[%clk
0:53:30]} f5 {[%clk 0:16:24]} 21. Qg3 {[%clk 0:51:38]} Ne7 {[%clk 0:15:09]} 22.
Nf3 {[%clk 0:49:39]} Nf6 {[%clk 0:14:30]} 23. Nh4 {[%clk 0:49:42]} Kh7 {[%clk
0:13:54]} 24. Bf3 {[%clk 0:47:46]} Rg8 {[%clk 0:10:17]} 25. Kh1 {[%clk 0:44:40]}
Be6 {[%clk 0:10:46]} 26. Rg1 {[%clk 0:44:28]} Bf7 {[%clk 0:11:15]} 27. Rce1
{[%clk 0:40:45]} Rb2 {[%clk 0:10:49]} 28. c4 {[%clk 0:34:48]} Rxa2 {[%clk
0:10:39]} 29. Rb1 {[%clk 0:35:06]} Qd7 {[%clk 0:05:29]} 30. Qg2 {[%clk 0:33:45]}
Qe6 {[%clk 0:04:50]} 31. Rb7 {[%clk 0:33:42]} Bf8 {[%clk 0:05:03]} 32. Re1 {[%clk
0:31:08]} fxe4 {[%clk 0:04:24]} 33. dxe4 {[%clk 0:31:20]} Qxc4 {[%clk 0:04:31]}
34. e5 {[%clk 0:29:13]} dxe5 {[%clk 0:04:21]} 35. Rc1 {[%clk 0:29:06]} Qe6 {[%clk
0:02:17]} 36. Rxc5 {[%clk 0:27:30]} e4 {[%clk 0:02:32]} 37. Bg4 {[%clk 0:22:06]}
Nxg4 {[%clk 0:03:01]} 38. Qxg4 {[%clk 0:22:20]} Qa6 {[%clk 0:02:44]} 39. Rcc7
{[%clk 0:20:17]} Qf1+ {[%clk 0:00:40]} 40. Qg1 {[%clk 0:20:38]} Qxg1+ {[%clk
0:00:33]} 41. Kxg1 {[%clk 0:21:05]} Bd5 {[%clk 0:25:11]} 42. Rb8 {[%clk 0:50:20]}
Bg7 {[%clk 0:20:23]} 1/2-1/2

[Event "8th Vellmar Chess Days"]
[Site "chess24.com"]
[Date "2016.07.30"]
[Round "4"]
[White "Kelm, Daniel"]
[Black "Boos, Markus"]
[Result "1/2-1/2"]
[Board "13"]
[WhiteElo "1944"]
[WhiteCountry "GER"]
[WhiteFideId "12917095"]
[WhiteEloChange "6"]
[BlackElo "2176"]
[BlackCountry "GER"]
[BlackFideId "4678656"]
[BlackEloChange "-6"]

1. d4 {[%clk 1:30:57]} Nf6 {[%clk 1:30:51]} 2. Nf3 {[%clk 1:31:20]} g6 {[%clk
1:31:05]} 3. c4 {[%clk 1:31:38]} Bg7 {[%clk 1:31:25]} 4. Nc3 {[%clk 1:31:58]} d5
{[%clk 1:31:36]} 5. cxd5 {[%clk 1:31:03]} Nxd5 {[%clk 1:32:00]} 6. e4 {[%clk
1:29:56]} Nxc3 {[%clk 1:32:23]} 7. bxc3 {[%clk 1:30:22]} c5 {[%clk 1:32:43]} 8.
e5 {[%clk 1:23:56]} cxd4 {[%clk 1:25:17]} 9. cxd4 {[%clk 1:21:20]} Bg4 {[%clk
1:24:28]} 10. Be3 {[%clk 1:17:56]} Nc6 {[%clk 1:22:36]} 11. Qd2 {[%clk 1:16:05]}
Bxf3 {[%clk 1:16:13]} 12. gxf3 {[%clk 1:16:31]} Qd5 {[%clk 1:15:24]} 13. Bg2
{[%clk 1:16:45]} Rd8 {[%clk 1:14:08]} 14. Rd1 {[%clk 1:17:10]} f6 {[%clk
1:10:48]} 15. exf6 {[%clk 1:15:18]} Bxf6 {[%clk 1:10:03]} 16. O-O {[%clk
1:15:39]} Nxd4 {[%clk 1:05:40]} 17. f4 {[%clk 1:14:39]} Qf5 {[%clk 1:03:20]} 18.
Qb4 {[%clk 1:10:29]} a5 {[%clk 0:54:20]} 19. Qa4+ {[%clk 1:02:37]} b5 {[%clk
0:53:35]} 20. Qxa5 {[%clk 1:02:45]} O-O {[%clk 0:52:45]} 21. Qb4 {[%clk 0:59:21]}
Ne6 {[%clk 0:45:05]} 22. Qe4 {[%clk 0:54:44]} Qxe4 {[%clk 0:41:54]} 23. Bxe4
{[%clk 0:55:08]} Kg7 {[%clk 0:37:11]} 24. Bb6 {[%clk 0:53:13]} Rxd1 {[%clk
0:36:40]} 25. Rxd1 {[%clk 0:53:39]} Nxf4 {[%clk 0:36:39]} 26. Rd7 {[%clk
0:44:21]} Rc8 {[%clk 0:32:44]} 27. Bc7 {[%clk 0:43:37]} Ne6 {[%clk 0:31:39]} 28.
Bb6 {[%clk 0:40:57]} Rc1+ {[%clk 0:29:01]} 29. Kg2 {[%clk 0:41:22]} Rc4 {[%clk
0:23:19]} 30. Bf3 {[%clk 0:38:21]} Nf4+ {[%clk 0:22:42]} 31. Kf1 {[%clk 0:37:06]}
Rc1+ {[%clk 0:17:08]} 32. Rd1 {[%clk 0:36:27]} Rc2 {[%clk 0:16:49]} 33. Be3
{[%clk 0:36:16]} Ne6 {[%clk 0:15:49]} 34. Bd5 {[%clk 0:34:30]} Nc7 {[%clk
0:15:11]} 35. Bb3 {[%clk 0:34:28]} Rc3 {[%clk 0:13:58]} 36. Rd8 {[%clk 0:33:48]}
h5 {[%clk 0:12:23]} 37. Rg8+ {[%clk 0:31:44]} Kh7 {[%clk 0:12:33]} 38. Bf7 {[%clk
0:31:31]} Bg7 {[%clk 0:10:19]} 39. Rb8 {[%clk 0:26:13]} Bf6 {[%clk 0:09:36]} 40.
Rg8 {[%clk 0:26:26]} Bg7 {[%clk 0:06:40]} 41. Rb8 {[%clk 0:26:34]} Bf6 {[%clk
0:07:01]} 1/2-1/2

[Event "8th Vellmar Chess Days"]
[Site "chess24.com"]
[Date "2016.07.30"]
[Round "4"]
[White "Heinelt, Manfred"]
[Black "Maar, Samuel"]
[Result "1-0"]
[Board "14"]
[WhiteElo "2175"]
[WhiteCountry "GER"]
[WhiteFideId "4656695"]
[WhiteEloChange "5"]
[BlackElo "1998"]
[BlackCountry "GER"]
[BlackFideId "12952591"]
[BlackEloChange "-5"]

1. d4 {[%clk 1:30:56]} d5 {[%clk 1:30:43]} 2. c4 {[%clk 1:31:14]} dxc4 {[%clk
1:30:44]} 3. Nf3 {[%clk 1:29:59]} Nf6 {[%clk 1:28:11]} 4. Nc3 {[%clk 1:30:07]} e6
{[%clk 1:24:32]} 5. e3 {[%clk 1:19:18]} c5 {[%clk 1:19:21]} 6. Bxc4 {[%clk
1:19:10]} Nc6 {[%clk 1:11:28]} 7. O-O {[%clk 1:18:38]} Be7 {[%clk 1:09:26]} 8. a3
{[%clk 1:17:18]} O-O {[%clk 1:03:34]} 9. dxc5 {[%clk 1:16:34]} Bxc5 {[%clk
1:02:54]} 10. b4 {[%clk 1:16:37]} Be7 {[%clk 1:02:36]} 11. Bb2 {[%clk 1:16:46]}
a6 {[%clk 0:56:44]} 12. Qe2 {[%clk 0:48:47]} e5 {[%clk 0:38:49]} 13. Rfd1 {[%clk
0:47:22]} Qc7 {[%clk 0:38:45]} 14. Nd5 {[%clk 0:47:07]} Nxd5 {[%clk 0:38:11]} 15.
Bxd5 {[%clk 0:47:26]} Bf6 {[%clk 0:29:06]} 16. h3 {[%clk 0:46:04]} Bd7 {[%clk
0:21:21]} 17. Rac1 {[%clk 0:43:21]} Rac8 {[%clk 0:18:55]} 18. Nd2 {[%clk
0:41:14]} g6 {[%clk 0:17:28]} 19. Ne4 {[%clk 0:39:27]} Bg7 {[%clk 0:17:53]} 20.
Nc5 {[%clk 0:32:15]} Be8 {[%clk 0:17:09]} 21. Nxa6 {[%clk 0:23:02]} bxa6 {[%clk
0:10:41]} 22. Qxa6 {[%clk 0:23:15]} Bd7 {[%clk 0:07:46]} 23. b5 {[%clk 0:20:24]}
Nb8 {[%clk 0:07:36]} 24. Rxc7 {[%clk 0:20:22]} Nxa6 {[%clk 0:07:52]} 25. Rxd7
{[%clk 0:20:05]} Nc5 {[%clk 0:07:59]} 26. Ra7 {[%clk 0:19:02]} Rb8 {[%clk
0:03:23]} 27. a4 {[%clk 0:18:40]} Rbc8 {[%clk 0:03:01]} 28. Ba3 {[%clk 0:18:44]}
e4 {[%clk 0:02:25]} 29. b6 {[%clk 0:18:32]} Be5 {[%clk 0:01:44]} 30. b7 {[%clk
0:17:46]} Nxb7 {[%clk 0:01:05]} 31. Rxb7 {[%clk 0:18:03]} Rfd8 {[%clk 0:00:51]}
32. Bxf7+ {[%clk 0:17:34]} Kh8 {[%clk 0:01:19]} 33. Rxd8+ {[%clk 0:16:22]} Rxd8
{[%clk 0:01:46]} 34. g3 {[%clk 0:16:42]} Rd1+ {[%clk 0:01:22]} 35. Kg2 {[%clk
0:17:01]} Rd2 {[%clk 0:01:35]} 36. Bb3 {[%clk 0:16:57]} g5 {[%clk 0:01:15]} 37.
Bb4 {[%clk 0:16:25]} Re2 {[%clk 0:01:00]} 38. Rb8+ {[%clk 0:16:31]} Kg7 {[%clk
0:01:12]} 39. Bf8+ {[%clk 0:16:52]} Kf6 {[%clk 0:00:42]} 40. Rb6+ {[%clk
0:17:14]} Bd6 {[%clk 0:00:36]} 41. Rxd6+ {[%clk 0:17:32]} 1-0

[Event "8th Vellmar Chess Days"]
[Site "chess24.com"]
[Date "2016.07.30"]
[Round "4"]
[White "Pienski, Olaf"]
[Black "Hering, Sven"]
[Result "1-0"]
[Board "15"]
[WhiteElo "2168"]
[WhiteCountry "GER"]
[WhiteFideId "4619544"]
[WhiteEloChange "5"]
[BlackElo "1968"]
[BlackCountry "GER"]
[BlackFideId "24605727"]
[BlackEloChange "-5"]

1. e4 {[%clk 1:30:54]} c5 {[%clk 1:30:51]} 2. Nf3 {[%clk 1:31:08]} Nc6 {[%clk
1:31:12]} 3. Nc3 {[%clk 1:30:52]} e5 {[%clk 1:31:31]} 4. Bc4 {[%clk 1:30:26]} Be7
{[%clk 1:31:51]} 5. d3 {[%clk 1:29:36]} d6 {[%clk 1:30:13]} 6. h3 {[%clk
1:28:09]} Nf6 {[%clk 1:29:23]} 7. O-O {[%clk 1:26:47]} O-O {[%clk 1:25:02]} 8.
Bg5 {[%clk 1:24:47]} h6 {[%clk 1:23:32]} 9. Bxf6 {[%clk 1:24:56]} Bxf6 {[%clk
1:23:46]} 10. a3 {[%clk 1:22:34]} Be6 {[%clk 1:18:28]} 11. Nd5 {[%clk 1:21:34]}
g5 {[%clk 1:15:40]} 12. Nh2 {[%clk 1:19:29]} Bg7 {[%clk 1:13:05]} 13. Qh5 {[%clk
1:15:35]} Ne7 {[%clk 1:09:56]} 14. Nxe7+ {[%clk 1:05:29]} Qxe7 {[%clk 1:09:00]}
15. Ng4 {[%clk 1:04:12]} Kh7 {[%clk 1:08:35]} 16. Ne3 {[%clk 1:03:20]} Qd7 {[%clk
0:58:40]} 17. Qf3 {[%clk 0:58:52]} b5 {[%clk 0:55:47]} 18. Bd5 {[%clk 0:58:03]}
Bxd5 {[%clk 0:53:25]} 19. Nxd5 {[%clk 0:57:38]} f5 {[%clk 0:53:46]} 20. exf5
{[%clk 0:55:46]} Qxf5 {[%clk 0:52:27]} 21. Qe4 {[%clk 0:54:15]} Kh8 {[%clk
0:49:35]} 22. Ne7 {[%clk 0:50:52]} Qxe4 {[%clk 0:49:57]} 23. dxe4 {[%clk
0:51:11]} Rf7 {[%clk 0:49:33]} 24. Nf5 {[%clk 0:46:53]} Rd8 {[%clk 0:43:49]} 25.
Ne3 {[%clk 0:45:31]} Kg8 {[%clk 0:41:45]} 26. Rad1 {[%clk 0:45:14]} Kf8 {[%clk
0:39:54]} 27. Rd5 {[%clk 0:44:07]} Rfd7 {[%clk 0:34:57]} 28. Rfd1 {[%clk
0:43:42]} Kf7 {[%clk 0:35:10]} 29. Nf5 {[%clk 0:35:32]} Bf8 {[%clk 0:35:27]} 30.
h4 {[%clk 0:33:29]} Kg6 {[%clk 0:31:17]} 31. hxg5 {[%clk 0:32:05]} hxg5 {[%clk
0:30:43]} 32. Kh2 {[%clk 0:30:21]} Kf6 {[%clk 0:23:04]} 33. Kg3 {[%clk 0:29:43]}
Kg6 {[%clk 0:21:56]} 34. Kg4 {[%clk 0:27:14]} a5 {[%clk 0:15:30]} 35. b3 {[%clk
0:26:05]} a4 {[%clk 0:11:54]} 36. bxa4 {[%clk 0:24:45]} bxa4 {[%clk 0:12:15]} 37.
Rb1 {[%clk 0:22:36]} Be7 {[%clk 0:07:20]} 38. Rb6 {[%clk 0:20:22]} Kf7 {[%clk
0:06:45]} 39. Ne3 {[%clk 0:18:25]} Rh8 {[%clk 0:04:19]} 40. f3 {[%clk 0:13:07]}
Rh1 {[%clk 0:02:04]} 41. Nc4 {[%clk 0:11:43]} Rc1 {[%clk 0:00:47]} 42. Nxe5+
{[%clk 0:09:54]} Ke8 {[%clk 0:00:48]} 43. Nxd7 {[%clk 0:08:23]} Kxd7 {[%clk
0:01:11]} 44. Rd2 {[%clk 0:04:33]} Ra1 {[%clk 0:00:39]} 45. Ra6 {[%clk 0:28:52]}
Rxa3 {[%clk 0:31:21]} 46. e5 {[%clk 0:28:50]} Ra1 {[%clk 0:31:15]} 47. exd6
{[%clk 0:28:26]} Bf6 {[%clk 0:31:21]} 48. Kf5 {[%clk 0:27:01]} Bb2 {[%clk
0:31:32]} 49. Re2 {[%clk 0:25:52]} 1-0

[Event "8th Vellmar Chess Days"]
[Site "chess24.com"]
[Date "2016.07.30"]
[Round "4"]
[White "Bollmann, Henrik"]
[Black "Helbing, Mathias"]
[Result "1-0"]
[Board "16"]
[WhiteElo "2145"]
[WhiteCountry "GER"]
[WhiteFideId "24626007"]
[WhiteEloChange "5"]
[BlackElo "1947"]
[BlackCountry "GER"]
[BlackFideId "24608971"]
[BlackEloChange "-5"]

1. c4 {[%clk 1:30:58]} e6 {[%clk 1:29:44]} 2. Nf3 {[%clk 1:31:21]} d5 {[%clk
1:30:09]} 3. g3 {[%clk 1:31:17]} Nf6 {[%clk 1:30:33]} 4. Bg2 {[%clk 1:31:41]} Be7
{[%clk 1:30:57]} 5. O-O {[%clk 1:31:53]} O-O {[%clk 1:31:22]} 6. b3 {[%clk
1:32:21]} c5 {[%clk 1:31:40]} 7. Bb2 {[%clk 1:31:17]} Nc6 {[%clk 1:31:23]} 8. e3
{[%clk 1:31:41]} d4 {[%clk 1:29:03]} 9. exd4 {[%clk 1:31:59]} cxd4 {[%clk
1:29:27]} 10. Re1 {[%clk 1:29:40]} Ne8 {[%clk 1:26:27]} 11. Ne5 {[%clk 1:27:16]}
Nxe5 {[%clk 1:21:15]} 12. Rxe5 {[%clk 1:27:45]} f6 {[%clk 1:21:38]} 13. Re1
{[%clk 1:28:06]} e5 {[%clk 1:22:03]} 14. f4 {[%clk 1:25:44]} exf4 {[%clk
1:21:43]} 15. Qf3 {[%clk 1:21:46]} fxg3 {[%clk 0:47:27]} 16. Qd5+ {[%clk
1:21:07]} Kh8 {[%clk 0:47:45]} 17. hxg3 {[%clk 1:19:48]} Qxd5 {[%clk 0:46:29]}
18. Bxd5 {[%clk 1:19:53]} Bc5 {[%clk 0:42:18]} 19. Ba3 {[%clk 0:59:27]} Bxa3
{[%clk 0:41:59]} 20. Nxa3 {[%clk 0:59:56]} Nc7 {[%clk 0:41:29]} 21. Bf3 {[%clk
0:59:30]} Ne6 {[%clk 0:39:22]} 22. Bxb7 {[%clk 0:51:25]} Bxb7 {[%clk 0:36:22]}
23. Rxe6 {[%clk 0:51:52]} f5 {[%clk 0:30:51]} 24. Rae1 {[%clk 0:48:22]} f4 {[%clk
0:23:35]} 25. gxf4 {[%clk 0:47:02]} Rxf4 {[%clk 0:22:23]} 26. Re8+ {[%clk
0:47:26]} Rf8 {[%clk 0:22:48]} 27. Rxa8 {[%clk 0:47:07]} Bxa8 {[%clk 0:22:51]}
28. Nb5 {[%clk 0:46:30]} h6 {[%clk 0:09:32]} 29. Nxd4 {[%clk 0:43:23]} Kh7 {[%clk
0:07:15]} 30. Ne6 {[%clk 0:35:58]} Rf3 {[%clk 0:04:17]} 31. d4 {[%clk 0:33:29]}
Rg3+ {[%clk 0:04:28]} 32. Kf1 {[%clk 0:33:17]} h5 {[%clk 0:02:37]} 33. d5 {[%clk
0:33:25]} h4 {[%clk 0:02:49]} 34. Kf2 {[%clk 0:28:17]} 1-0

[Event "8th Vellmar Chess Days"]
[Site "chess24.com"]
[Date "2016.07.30"]
[Round "4"]
[White "Windelband, Jens"]
[Black "Amrhein, Thorsten"]
[Result "1/2-1/2"]
[Board "17"]
[WhiteElo "2120"]
[WhiteCountry "GER"]
[WhiteFideId "4663845"]
[WhiteEloChange "-4"]
[BlackElo "1976"]
[BlackCountry "GER"]
[BlackFideId "24655384"]
[BlackEloChange "4"]

1. e4 {[%clk 1:30:58]} e5 {[%clk 1:29:59]} 2. Nf3 {[%clk 1:30:34]} Nf6 {[%clk
1:30:06]} 3. d4 {[%clk 1:29:40]} Nxe4 {[%clk 1:29:26]} 4. Bd3 {[%clk 1:28:19]}
Nc6 {[%clk 1:29:33]} 5. Bxe4 {[%clk 1:19:54]} d5 {[%clk 1:29:28]} 6. Bd3 {[%clk
1:18:55]} e4 {[%clk 1:23:24]} 7. Be2 {[%clk 1:07:44]} exf3 {[%clk 1:23:29]} 8.
Bxf3 {[%clk 1:08:09]} Be6 {[%clk 1:23:34]} 9. O-O {[%clk 1:06:03]} Qf6 {[%clk
1:20:39]} 10. c3 {[%clk 1:01:44]} Bd6 {[%clk 1:19:22]} 11. b4 {[%clk 0:58:49]}
O-O {[%clk 1:14:27]} 12. Re1 {[%clk 0:58:00]} Ne7 {[%clk 1:12:45]} 13. Nd2 {[%clk
0:54:09]} Rfe8 {[%clk 1:03:02]} 14. Nf1 {[%clk 0:46:32]} c6 {[%clk 0:59:35]} 15.
a4 {[%clk 0:44:20]} Nf5 {[%clk 0:52:50]} 16. g3 {[%clk 0:42:42]} Re7 {[%clk
0:45:57]} 17. Bg2 {[%clk 0:35:39]} Rae8 {[%clk 0:42:08]} 18. Qf3 {[%clk 0:28:03]}
Qg6 {[%clk 0:40:25]} 19. Ra2 {[%clk 0:22:15]} Nh6 {[%clk 0:31:24]} 20. h3 {[%clk
0:17:28]} Bd7 {[%clk 0:17:37]} 21. Rae2 {[%clk 0:15:18]} Rxe2 {[%clk 0:17:00]}
22. Rxe2 {[%clk 0:15:36]} Rxe2 {[%clk 0:17:24]} 23. Qxe2 {[%clk 0:16:03]} Nf5
{[%clk 0:16:50]} 24. Nd2 {[%clk 0:10:56]} Qe6 {[%clk 0:14:10]} 25. Bf1 {[%clk
0:08:18]} Qh6 {[%clk 0:12:05]} 26. Nb3 {[%clk 0:04:15]} Qe6 {[%clk 0:11:11]} 27.
Nc5 {[%clk 0:03:38]} Qxe2 {[%clk 0:11:18]} 28. Bxe2 {[%clk 0:04:06]} Bc8 {[%clk
0:11:28]} 29. Kg2 {[%clk 0:04:17]} b6 {[%clk 0:11:23]} 30. Nb3 {[%clk 0:03:53]}
a6 {[%clk 0:07:43]} 31. a5 {[%clk 0:03:51]} b5 {[%clk 0:07:08]} 32. Kf3 {[%clk
0:02:56]} Be7 {[%clk 0:04:55]} 33. Bd3 {[%clk 0:01:10]} Nd6 {[%clk 0:04:40]} 34.
g4 {[%clk 0:00:57]} f6 {[%clk 0:04:00]} 35. Bf4 {[%clk 0:00:44]} Nf7 {[%clk
0:02:48]} 36. Kg3 {[%clk 0:00:45]} g6 {[%clk 0:02:54]} 37. Bc7 {[%clk 0:01:09]}
Ng5 {[%clk 0:02:23]} 38. f3 {[%clk 0:01:20]} Ne6 {[%clk 0:02:08]} 39. Bb8 {[%clk
0:01:22]} Kf7 {[%clk 0:02:16]} 40. h4 {[%clk 0:01:17]} Kg7 {[%clk 0:01:19]} 41.
f4 {[%clk 0:26:28]} Nd8 {[%clk 0:27:52]} 42. Nd2 {[%clk 0:23:04]} h6 {[%clk
0:24:35]} 43. Nf1 {[%clk 0:19:29]} Nf7 {[%clk 0:23:54]} 44. Ne3 {[%clk 0:19:21]}
Bd7 {[%clk 0:23:16]} 45. h5 {[%clk 0:15:20]} g5 {[%clk 0:21:00]} 46. Kf3 {[%clk
0:10:06]} Kf8 {[%clk 0:14:57]} 47. Nf5 {[%clk 0:04:42]} Ke8 {[%clk 0:13:06]} 48.
Ke3 {[%clk 0:03:25]} Kd8 {[%clk 0:12:11]} 49. fxg5 {[%clk 0:03:06]} fxg5 {[%clk
0:12:27]} 50. Kf3 {[%clk 0:02:56]} Bf6 {[%clk 0:11:46]} 51. Ne3 {[%clk 0:02:00]}
Ke7 {[%clk 0:10:42]} 52. Bg6 {[%clk 0:01:15]} Nd8 {[%clk 0:05:02]} 53. Bf5 {[%clk
0:00:41]} 1/2-1/2